000 00539nam a2200217Ia 4500
003 OSt
005 20220919142151.0
008 210210b2017 xxu||||| |||| 00| 0 eng d
020 _a9789385682537
040 _cAL
041 _aeng
082 _a658.15 BALF
100 _aBALYAYA (Purushothama)
_957927
245 _aFinancial management II
260 _aMangalore
_bUnited Agencies
_c2017
300 _aviii,264
650 _a BCOM VI SEM
_957928
690 _aFinancial Management
_957929
906 _a072107
942 _2ddc
_cBK
999 _c121955
_d121955